00347nam a22001217a 4500003000400000008004100004100002900045245003800074250001700112260003400129300001200163650005000175OSt200708b ||||| |||| 00| 0 eng d aThakkar, Arti R & Sharma aPractical Pharmaceutical Analysis aReprint 2018 aNew DelhibPaging Publishers  aPg. 100 aPharmaceutical Analysis and Quality Assurance